Romains 12 - Statistiques

Statistiques générales
  • Ce quiz a été pris 24 fois
  • Le résultat moyen est 323 sur 484
Statistiques - réponses
Indice Réponse % Correct
à
100%
a
100%
amour
100%
au
100%
avec
100%
bien,
100%
bien
100%
bon,
100%
Ce
100%
ce
100%
de
100%
5 De
100%
Dieu
100%
Dieu.
100%
Dieu :
100%
dis
100%
donne
100%
3 En
100%
en
100%
est
100%
et
100%
6 Et
100%
faite
100%
1 Je
100%
je
100%
100%
la
100%
le
100%
les
100%
lui
100%
m'a
100%
mais
100%
19 Mes
100%
2 | 17 Ne
100%
ne
100%
par
100%
part
100%
part,
100%
pas
100%
plait
100%
pour
100%
Pour
100%
que
100%
8 | 9 Que
100%
qui
100%
sa
100%
se
100%
soyez
100%
votre
100%
vous
100%
vous,
100%
celui
80%
ceux
80%
comme
80%
des
80%
du
80%
dû.
80%
faire
80%
frères
80%
grâce
80%
mal
80%
mal !
80%
mal.
80%
monde
80%
nous
80%
persécutent :
80%
sera
80%
soeurs,
80%
son
80%
tous,
80%
tous
80%
un
80%
amis,
60%
autre
60%
autres.
60%
autres ;
60%
autres
60%
bonté
60%
car
60%
ces
60%
Christ
60%
contraire
60%
corps
60%
dans
60%
encourage.
60%
fasse
60%
foi
60%
font
60%
forces
60%
il
60%
jamais
60%
joie.
60%
joie
60%
joie,
60%
10 l'amour
60%
moi
60%
n'ont
60%
notre
60%
60%
sage
60%
sages.
60%
saint
60%
saint :
60%
service
60%
service.
60%
sincère.
60%
soit
60%
sommes
60%
toujours
60%
toutes
60%
transformés
60%
une
60%
uns
60%
vos
60%
Ayez
40%
bons
40%
c'est
40%
cette
40%
chacun
40%
4 Chacun
40%
confiée
40%
culte
40%
d'entre
40%
devant
40%
discerner
40%
ensemble
40%
haut,
40%
hommes.
40%
immense
40%
intelligence
40%
l'un
40%
même
40%
mesure
40%
paix
40%
pouvoir
40%
prenez
40%
qu'il
40%
raisonnable.
40%
renouvellement
40%
répondez
40%
sacrifice
40%
sans
40%
Seigneur :
40%
seul
40%
sont
40%
vertu
40%
vivant
40%
voici
40%
volonté
40%
actuel,
20%
arrière-pensées
20%
avons
20%
cela
20%
Cherchez
20%
colère
20%
concerne :
20%
d'affection
20%
14 Demandez
20%
demandez
20%
d'encouragement
20%
dépend
20%
devez
20%
différents
20%
dirige
20%
donc,
20%
donc
20%
eux,
20%
exerce
20%
fonction.
20%
formons
20%
fraternel :
20%
horreur,
20%
humble.
20%
justice
20%
l'Esprit :
20%
malheureux
20%
membres
20%
modèle
20%
n'allez
20%
nombreux
20%
offrir
20%
organes
20%
oui
20%
parfait.
20%
15 Partagez
20%
partie
20%
peuple
20%
plaise
20%
plein
20%
possible
20%
prière :
20%
priez
20%
prophétie :
20%
qu'elle
20%
reçu
20%
selon
20%
serviteurs,
20%
visez
20%
vivez
20%
accordés.
0%
activité
0%
agir
0%
alors
0%
appartient
0%
appréciation
0%
attachez-vous
0%
attirer
0%
au-delà
0%
18 Autant
0%
besoins
0%
bouillants,
0%
cause
0%
commune.
0%
conformément
0%
consacre
0%
considération.
0%
d'endurance,
0%
dons
0%
écrit :
0%
égale
0%
laissez
0%
laissez-vous
0%
11 l'ardeur
0%
larmes
0%
l'épreuve
0%
12 l'espérance
0%
l'estime
0%
l'hospitalité.
0%
manifester
0%
ministère
0%
mutuelle :
0%
nonchalants
0%
notamment
0%
persévérance
0%
pleins
0%
pleurent.
0%
pratiquer
0%
premiers
0%
prétendre
0%
prêts
0%
quoi
0%
recommande
0%
rendrait
0%
secourt
0%
sérieux,
0%
solidaires,
0%
soyez-en
0%
tendez
0%
trop
0%
trouve
0%
union
0%
vengez
0%
vous-mêmes
0%
Aucun quiz correspondant
Distribution des résultats
% des personnes avec chaque résultat
Percentile par nombre de réponses
Votre historique - résultats
Vous n’avez pas pris ce quiz